000 00568nam a2200193Ia 4500
005 20250508164944.0
008 008 250505s9999 xx 000 0 eng d
037 _aDissertations
040 _aFEDL
_beng
_cFEDL
041 _aeng
_2eng
084 _a371.9, SHR/DI
_qFEDL
100 _aShraddha
245 0 _aExperiences of students with specific learning disabilities in an inclusive set up
260 _c2010
300 _a149p.
546 _aM.Ed. Dissertation (Delhi University)
942 _cDIS
_h371.9, SHR/DI
999 _c1392260
_d1392260